Revolución y democracia en Nicaragua /
Guardat en:
| Autor principal: | |
|---|---|
| Format: | Text |
| Idioma: | Spanish |
| Matèries: | |
| Etiquetes: |
Afegir etiqueta
Sense etiquetes, Sigues el primer a etiquetar aquest registre!
|
MARC
| LEADER | 00000 a a2200000 04500 | ||
|---|---|---|---|
| 001 | 43686 | ||
| 003 | cru CRAI/IIS | ||
| 005 | 20210518102738.0 | ||
| 008 | 210518b |||||||| |||| 00| 0 spa d | ||
| 040 | |c cru CRAI/IIS | ||
| 100 | 1 | |a Coraggio, José Luis |9 5914 | |
| 245 | 1 | |a Revolución y democracia en Nicaragua / |c José Luis Coraggio | |
| 500 | |a Colección Centroamérica | ||
| 650 | |a DEMOCRACIA | ||
| 650 | |a REVOLUCION | ||
| 650 | |a CONDICIONES SOCIALES | ||
| 650 | |a IMPERIALISMO | ||
| 650 | |a NICARAGUA | ||
| 773 | |g volumen13, número38 ( , 1984), páginas 83-113 | ||
| 773 | 0 | |0 18875 |9 5319 |a Universidad de Costa Rica. |d San José, Costa Rica: Universidad de Costa Rica. Consejo Superior Universitario Centroamericano, 1972- |o 14307 |t Estudios Sociales Centroamericanos / |x 03039676 | |
| 942 | |2 ddc |c PP | ||
| 999 | |c 35780 |d 35780 | ||
